Selected stories of arabian nights (Record no. 168957)

MARC details
000 -LEADER
fixed length control field 00518nam a2200169 4500
005 - DATE AND TIME OF LATEST TRANSACTION
control field 20191101110208.0
010 ## - LCCN (DPL NO)
LC control number ENG-126773
020 ## - INTERNATIONAL STANDARD BOOK NUMBER
International Standard Book Number 9789384755362
Terms of availability 575.00
035 ## - SYSTEM CONTROL NUMBER
System control number EN-110305
037 ## - SOURCE OF ACQUISITION
Source of stock number/acquisition DBAD/PUB
082 ## - DEWEY DECIMAL CLASSIFICATION NUMBER
Classification number S
245 ## - TITLE STATEMENT
Title Selected stories of arabian nights
Remainder of title Second Chapter
260 ## - PUBLICATION, DISTRIBUTION, ETC. (IMPRINT)
Place of publication, distribution, etc Delhi
Name of publisher, distributor, etc Sumit Booka
Date of publication, distribution, etc 2018
270 ## - ADDRESS
Address E-1/267, Second Floor, Street No.-16
City Near Old Dispensari, Soia Vihar, Delhi
Postal code 110090
Electronic mail address booksumit@gmail.com
300 ## - PHYSICAL DESCRIPTION
Extent 192p.
Dimensions 22cm(Hb)
942 ## - ADDED ENTRY ELEMENTS (KOHA)
Source of classification or shelving scheme Dewey Decimal Classification
Item type English Books
Classification part S
Call number suffix SEL
Holdings
Withdrawn status Lost status Not for loan Collection code Home library Current library Date acquired Source of acquisition Cost, normal purchase price Full call number Barcode Copy number Cost, replacement price Koha item type
      Fiction Central Library Central Library 01/11/2019 DBAD/PUB 575.00 S SEL EN-110305 1 575.00 English Books

© Delhi Public Library
Hit Counter
free hit counter